000 01258njm a22002777a 4500
005 20100910105558.0
008 100910t xxu||||| |||| 00| 0 eng d
028 _a3AEX.5237
_bANGEL RECORDS
035 _aGR-01969
040 _aSED
_cSED
100 _aBhosle, Asha
_919365
245 _aAadmi Aur Insaan /
_cby Asha Bhosle [and] Mahendra Kapoor; Music by Ravi; lyric by Sahir
_h[sound recording] :
246 _aआदमी और इंसान / आशा भोसले
260 _aDum Dum, India :
_bAngel Records
_c1959
300 _a1 sound disc [Gramophone Recording] :
_banalog, 33 1/3 rpm ;
_c12.5 in. (LP)
_fGramaphone Records
500 _aBrief record.
505 _aSide1 जिंदगी इत्तेफाक है इजाज़त हो (Jindagi Ittefaq Hai Ijazat Ho) Asha Bhosle, Side 2 जागे गा इंसान (Jaage Ga Insaan) Mahendra Kappor & Chorus]
650 _2Excerpts.
_aMotion Picture Music
_bIndia
_919366
700 _aMahendra Kapoor
_919421
700 _aRavi
_919447
700 _aSahir
_919448
700 _aGulam Mohammad
_919422
700 _a Shakeel Badayuni
_919423
942 _2ddc
_cGR
999 _c45093
_d45093